TNA Impact Wrestling Champions by Year - 2023 - Statistics

General Stats
  • This quiz has been taken 68 times
  • The average score is 16 of 22
Answer Stats
Title Date Event Wrestler % Correct
Impact World June 9 Against All Odds Alex Shelley
90%
X-Division June 9 Against All Odds Chris Sabin
83%
X-Division September 14 Impact 1000 Chris Sabin
83%
Knockouts World January 13 Hard to Kill Mickie James
83%
World Tag Team March 2 Impact Ace Austin
80%
World Tag Team October 21 Bound for Glory Ace Austin
80%
Knockouts World April 16 Rebellion Deonna Purrazzo
80%
Impact World April 16 Rebellion Steve Maclin
80%
World Tag Team March 2 Impact Chris Bey
77%
World Tag Team October 21 Bound for Glory Chris Bey
77%
Knockouts Tag Team July 15 Slammiversary Masha Slamovich
70%
Knockouts World July 15 Slammiversary Trinity
70%
World Tag Team August 27 Emergence Zachary Wentz
70%
Knockouts Tag Team July 15 Slammiversary Killer Kelly
67%
World Tag Team August 27 Emergence Trey Miguel
67%
Digital Media July 15 Slammiversary (Pre-Show) Kenny King
63%
Knockouts Tag Team March 16 Impact KiLynn King
63%
X-Division July 15 Slammiversary Lio Rush
63%
World Tag Team July 15 Slammiversary Flash Morgan Webster
60%
World Tag Team July 15 Slammiversary Mark Andrews
60%
Knockouts Tag Team March 16 Impact Taylor Wilde
60%
Digital Media September 8 Victory Road Tommy Dreamer
60%
No matching quizzes found
Score Distribution
Percent of People with Each Score
Percentile by Number Answered
Your Score History
You have not taken this quiz